[Event "LTU-chT 2019"]
[Site "Lithuania"]
[Date "2019.04.27"]
[Round "6.2"]
[White "Sulskis, Sarunas"]
[Black "Krivonosov, Oleg"]
[Result "0-1"]
[WhiteElo "2529"]
[BlackElo "2398"]
[Annotator "ChessBase"]
[PlyCount "154"]
[EventDate "2019.01.26"]
[EventType "team-tourn"]
[EventCountry "LTU"]
[SourceTitle "playchess.com"]
[Source "ChessBase"]
[SourceQuality "1"]
[TimeControl "40/5400+30:1800+30"]

1. e4 {[%emt 0:00:00]} e5 {[%emt 0:00:00]} 2. Nf3 {[%emt 0:00:00]} Nc6 {[%emt 0:00:00]} 3. Bb5 {[%emt 0:00:00]} Nf6 {[%emt 0:00:00]} 4. O-O {[%emt 0:00:00]} Nxe4 {[%emt 0:00:00]} 5. d4 {[%emt 0:00:14]} Nd6 {[%emt 0:00:00]} 6. Bg5 {[%emt 0:01:16]} Be7 {[%emt 0:01:14]} 7. Bxe7 {[%emt 0:00:20]} Qxe7 {[%emt 0:00:43]} 8. Nxe5 {[%emt 0:08:52]} Nxe5 {[%emt 0:00:54]} 9. Re1 {[%emt 0:00:35]} O-O {[%emt 0:04:05]} 10. Rxe5 {[%emt 0:04:19]} Qd8 {[%emt 0:03:17]} 11. Bd3 {[%emt 0:02:12]} Ne8 {[%emt 0:04:46]} 12. Qh5 {[%emt 0:09:00]} h6 {[%emt 0:05:10]} 13. Nc3 {[%emt 0:02:45]} d6 {[%emt 0:05:00]} 14. Re3 {[%emt 0:03:31]} Nf6 {[%emt 0:02:01]} 15. Qh4 {[%emt 0:04:17]} Re8 {[%emt 0:08:44]} 16. h3 {[%emt 0:04:19]} Bd7 {[%emt 0:05:38]} 17. Rae1 {[%emt 0:03:25]} Rxe3 {[%emt 0:07:11]} 18. Rxe3 {[%emt 0:10:16]} d5 {[%emt 0:05:48]} 19. g4 {[%emt 0:11:43]} c5 {[%emt 0:03:37]} 20. g5 {[%emt 0:05:46]} hxg5 {[%emt 0:01:49]} 21. Qxg5 {[%emt 0:03:19]} cxd4 {[%emt 0:02:44]} 22. Rg3 {[%emt 0:00:17]} Ne8 {[%emt 0:06:06]} 23. Qxd8 {[%emt 0:00:07]} Rxd8 {[%emt 0:00:24]} 24. Ne2 {[%emt 0:01:01]} Nf6 {[%emt 0:00:22]} 25. Nxd4 {[%emt 0:00:55]} Re8 {[%emt 0:05:45]} 26. Kg2 {[%emt 0:02:05]} Kf8 {[%emt 0:04:32]} 27. Be2 {[%emt 0:01:39]} Re4 {[%emt 0:00:15]} 28. c3 {[%emt 0:00:58]} g6 {[%emt 0:03:49]} 29. Rd3 {[%emt 0:04:50]} Bb5 {[%emt 0:01:58]} 30. Rd2 {[%emt 0:00:18]} Bxe2 {[%emt 0:01:25]} 31. Nxe2 {[%emt 0:01:38]} Ke7 {[%emt 0:01:54]} 32. f3 {[%emt 0:01:27]} Ra4 {[%emt 0:00:46]} 33. b3 {[%emt 0:00:23]} Rh4 {[%emt 0:01:02]} 34. Kg3 {[%emt 0:00:18]} Rh8 {[%emt 0:01:38]} 35. Rd4 {[%emt 0:03:37]} Kd6 {[%emt 0:03:46]} 36. Kg2 {[%emt 0:02:02]} Re8 {[%emt 0:00:41]} 37. Kf2 {[%emt 0:01:01]} Rh8 {[%emt 0:01:01]} 38. h4 {[%emt 0:03:00]} a5 {[%emt 0:03:41]} 39. Ke3 {[%emt 0:02:48]} b6 {[%emt 0:02:11]} 40. a4 {[%emt 0:02:44]} Rc8 {[%emt 0:01:32]} 41. Kd2 {[%emt 0:31:32]} Rc7 {[%emt 0:33:10]} 42. Nf4 {[%emt 0:01:37]} Ke5 {[%emt 0:01:29]} 43. Nd3+ {[%emt 0:00:27]} Ke6 {[%emt 0:00:00]} 44. b4 {[%emt 0:00:00]} Rc8 {[%emt 0:00:00]} 45. Nc1 {[%emt 0:00:00]} Nd7 {[%emt 0:00:00]} 46. Ne2 {[%emt 0:00:00]} Nf6 {[%emt 0:00:00]} 47. Ke3 {[%emt 0:00:00]} Ke5 {[%emt 0:00:00]} 48. Kd3 {[%emt 0:00:00]} Nh5 {[%emt 0:00:00]} 49. Rg4 {[%emt 0:00:00]} Nf6 {[%emt 0:00:00]} 50. Rd4 {[%emt 0:00:00]} Nh5 {[%emt 0:00:00]} 51. c4 {[%emt 0:00:00]} Nf6 {[%emt 0:00:00]} 52. bxa5 {[%emt 0:00:00]} bxa5 {[%emt 0:00:00]} 53. Nc3 {[%emt 0:00:00]} Rc5 {[%emt 0:03:07]} 54. f4+ {[%emt 0:00:00]} Ke6 {[%emt 0:00:23]} 55. cxd5+ {[%emt 0:00:00]} Nxd5 {[%emt 0:00:41]} 56. Re4+ {[%emt 0:00:00]} Kf6 {[%emt 0:00:31]} 57. Nxd5+ {[%emt 0:00:00]} Rxd5+ {[%emt 0:00:08]} 58. Kc4 {[%emt 0:00:00]} Rh5 {[%emt 0:01:54]} 59. Re1 {[%emt 0:01:53]} Rxh4 {[%emt 0:00:09]} 60. Kb5 {[%emt 0:01:08]} Rh5+ {[%emt 0:00:28]} 61. Kb6 {[%emt 0:00:25]} Rf5 {[%emt 0:01:07]} 62. Rd1 {[%emt 0:01:04]} Kg7 {[%emt 0:00:49]} 63. Rd2 {[%emt 0:00:19]} f6 {[%emt 0:01:07]} 64. Rd1 {[%emt 0:00:50]} Kf7 {[%emt 0:00:22]} 65. Ka6 {[%emt 0:00:30]} g5 {[%emt 0:00:04]} 66. fxg5 {[%emt 0:00:06]} fxg5 {[%emt 0:01:03]} 67. Rg1 {[%emt 0:00:08]} Kg6 {[%emt 0:00:16]} 68. Kb6 {[%emt 0:00:15]} Kh5 {[%emt 0:00:28]} 69. Rh1+ {[%emt 0:00:03]} Kg4 {[%emt 0:00:20]} 70. Rg1+ {[%emt 0:00:04]} Kh3 {[%emt 0:00:20]} 71. Rh1+ {[%emt 0:00:04]} Kg2 {[%emt 0:00:30]} 72. Rh5 {[%emt 0:00:10]} Kf3 {[%emt 0:01:27]} 73. Rh1 {[%emt 0:00:13]} g4 {[%emt 0:00:32]} 74. Rf1+ {[%emt 0:00:04]} Ke4 {[%emt 0:00:19]} 75. Rg1 {[%emt 0:00:06]} Kf4 {[%emt 0:00:10]} 76. Rf1+ {[%emt 0:00:04]} Kg5 {[%emt 0:00:04]} 77. Rg1 {[%emt 0:00:06]} Kh4 0-1

[Event "LTU-chT 2019"]
[Site "Lithuania"]
[Date "2019.04.27"]
[Round "6.3"]
[White "Sakalauskas, Vaidas"]
[Black "Starostits, Ilmars"]
[Result "1/2-1/2"]
[WhiteElo "2346"]
[BlackElo "2450"]
[Annotator "ChessBase"]
[PlyCount "108"]
[EventDate "2019.01.26"]
[EventType "team-tourn"]
[EventCountry "LTU"]
[SourceTitle "playchess.com"]
[Source "ChessBase"]
[SourceQuality "1"]
[TimeControl "40/5400+30:1800+30"]

1. d4 Nf6 2. c4 g6 3. Nc3 d5 4. cxd5 Nxd5 5. Bd2 Bg7 6. e4 Nb6 7. Be3 O-O 8. Be2 a5 9. Nf3 a4 10. O-O a3 11. b3 f5 12. exf5 Bxf5 13. Rc1 c6 14. Qd2 Na6 15. Rfd1 Nb4 16. Bh6 N6d5 17. Bxg7 Kxg7 18. Ne5 Qd6 19. Bf3 Nf6 20. Qe2 Qd8 21. Na4 Nfd5 22. Nc5 Bc8 23. g3 Nc7 24. Bg4 e6 25. Nc4 Nbd5 26. Qe5+ Qf6 27. Nd6 Qxe5 28. dxe5 b6 29. Nxc8 bxc5 30. Nd6 Nb4 31. Rd2 h5 32. Bh3 Rf3 33. Rxc5 Rxb3 34. axb3 a2 35. Rxa2 Rxa2 36. Rc4 Ra1+ 37. Bf1 Ncd5 38. Ne4 Nd3 39. Rxc6 Nxe5 40. Rxe6 Nf3+ 41. Kg2 Nh4+ 42. Kh3 Nf3 43. Bc4 g5 44. Kg2 g4 45. Bf1 Nh4+ 46. Kg1 Nf3+ 47. Kg2 h4 48. h3 gxh3+ 49. Kxh3 Rxf1 50. Rd6 Ne7 51. Rd7 Kf8 52. Rd8+ Kg7 53. Rd7 Kf8 54. Rd8+ Kg7 1/2-1/2

[Event "LTU-chT 2019"]
[Site "Lithuania"]
[Date "2019.04.27"]
[Round "6.4"]
[White "Tvarijonas, Tomas"]
[Black "Vedrickas, Tautvydas"]
[Result "1/2-1/2"]
[WhiteElo "2248"]
[BlackElo "2390"]
[Annotator "NA"]
[PlyCount "218"]
[EventDate "2019.01.26"]
[EventType "team-tourn"]
[EventCountry "LTU"]
[SourceTitle "playchess.com"]
[Source "ChessBase"]
[SourceQuality "1"]
[TimeControl "40/5400+30:1800+30"]

1. e4 {[%emt 0:00:00]} g6 {[%emt 0:00:00]} 2. d4 {[%emt 0:00:00]} Bg7 {[%emt 0:00:00]} 3. Nc3 {[%emt 0:00:04]} d6 {[%emt 0:00:00]} 4. f4 {[%emt 0:00:31]} a6 {[%emt 0:00:00]} 5. Nf3 {[%emt 0:00:43]} b5 {[%emt 0:00:00]} 6. Bd3 {[%emt 0:02:16]} Nd7 {[%emt 0:00:03]} 7. a4 {[%emt 0:01:10] B06: Modern Defence} c5 {[%emt 0:18:41]} (7... b4 8. Ne2 c5 9. c3 Bb7 10. O-O Ngf6 11. e5 Nd5 12. Bd2 bxc3 13. bxc3 cxd4 14. cxd4 O-O {0-1 (49) Anand,V (2759)-Nakamura,H (2769) Leuven 2018}) 8. axb5 {[%emt 0:06:23]} cxd4 {[%emt 0:00:47]} 9. Nd5 {[%emt 0:08:25]} e6 $146 {[%emt 0:05:23]} ({Predecessor:} 9... Ngf6 10. Nxf6+ Bxf6 11. bxa6 O-O 12. b4 Qb6 13. Qe2 Qxb4+ 14. Bd2 Qb6 {0-1 (51) Kerigan,D (2353)-Yilmazyerli,M (2443) Gebze 2016}) 10. Nb4 {[%emt 0:01:41]} Ne7 {[%emt 0:00:22]} 11. O-O {[%emt 0:10:50]} O-O {[%emt 0:03:41]} 12. Qe1 {[%emt 0:03:27]} Nc5 {[%emt 0:05:14]} 13. Qh4 {[%emt 0:06:19]} Bb7 {[%emt 0:07:53]} 14. bxa6 {[%emt 0:08:13]} Ra7 {[%emt 0:36:36]} 15. Bd2 {[%emt 0:01:37]} Ba8 {[%emt 0:00:08]} 16. f5 {[%emt 0:06:39]} exf5 {[%emt 0:01:39]} 17. exf5 {[%emt 0:09:20]} Nxd3 {[%emt 0:04:13]} (17... Nxf5 $16 18. Bxf5 gxf5) 18. fxg6 {[%emt 0:01:22]} ({Of course not} 18. Nxd3 $6 Nxf5 19. Qxd8 Rxd8 $11) 18... Nxg6 {[%emt 0:06:33]} 19. Qxd8 {[%emt 0:00:18]} Rxd8 {[%emt 0:00:01]} 20. cxd3 {[%emt 0:01:34]} Ne5 {[%emt 0:02:16]} 21. Nxd4 {[%emt 0:02:56]} Nxd3 {[%emt 0:00:25]} 22. Nbc6 {[%emt 0:04:01]} Rc8 {[%emt 0:01:22]} 23. Be3 {[%emt 0:02:26]} (23. Nxa7 $2 Bxd4+ 24. Kh1 Bxa7 $19) 23... Rac7 {[%emt 0:00:12]} 24. Na5 {[%emt 0:01:32]} Re7 {[%emt 0:00:52]} 25. Bf2 {[%emt 0:03:46]} Re4 {[%emt 0:03:39]} 26. Nf5 {[%emt 0:01:06]} Rc2 {[%emt 0:01:12]} 27. Nxg7 {[%emt 0:02:24]} Kxg7 {[%emt 0:00:09]} 28. Rad1 {[%emt 0:01:26]} Rg4 {[%emt 0:00:33]} 29. Nb7 {[%emt 0:00:39]} Ne5 {[%emt 0:01:24]} 30. g3 {[%emt 0:01:38]} Rxb2 {[%emt 0:00:53]} 31. Bd4 {[%emt 0:00:50]} Ra2 {[%emt 0:00:16]} 32. Rf4 {[%emt 0:02:22]} Rg5 {[%emt 0:00:24]} 33. Nxd6 {[%emt 0:01:22]} (33. Ra1 $16 Rd2 34. Ra3) 33... f6 {[%emt 0:00:20]} (33... Kg6 $1 $11) 34. Nf5+ {[%emt 0:05:19]} Kf7 {[%emt 0:00:46]} 35. Bxe5 {[%emt 0:01:30]} fxe5 {[%emt 0:00:06]} 36. Rf2 {[%emt 0:01:14]} Rxa6 {[%emt 0:01:03]} 37. h4 {[%emt 0:00:51]} Rgg6 {[%emt 0:00:16]} 38. Rd7+ {[%emt 0:01:01]} Ke6 {[%emt 0:00:34]} 39. Rd1 {[%emt 0:01:40]} Be4 {[%emt 0:00:34]} 40. Ne3 {[%emt 0:00:32]} Rxg3+ {[%emt 0:00:08]} 41. Ng2 {[%emt 0:00:49]} Raa3 {[%emt 0:11:31]} 42. Rd8 {[%emt 0:04:34]} Ke7 {[%emt 0:01:24]} 43. Rdd2 {[%emt 0:05:47]} Rg4 {[%emt 0:00:58]} 44. Kf1 {[%emt 0:01:02]} Ra1+ {[%emt 0:02:07]} 45. Ne1 {[%emt 0:00:02]} Rxh4 {[%emt 0:00:22]} 46. Ke2 {[%emt 0:00:20]} Bg6 {[%emt 0:08:07]} 47. Nc2 {[%emt 0:05:33]} Ra2 {[%emt 0:02:22]} 48. Ne3 {[%emt 0:01:02]} Bh5+ {[%emt 0:00:13]} 49. Kf1 {[%emt 0:00:22]} Rxd2 {[%emt 0:02:00]} 50. Rxd2 {[%emt 0:00:02]} Ke6 {[%emt 0:00:19]} 51. Ra2 {[%emt 0:00:53]} Bg6 {[%emt 0:01:35]} 52. Ra6+ {[%emt 0:00:34]} Kf7 {[%emt 0:00:11]} 53. Kf2 {[%emt 0:00:40]} Rb4 {[%emt 0:00:26]} 54. Ra5 {[%emt 0:01:39]} Ke6 {[%emt 0:00:32]} 55. Ra6+ {[%emt 0:00:22]} Kd7 {[%emt 0:00:17]} 56. Nd5 {[%emt 0:03:50]} Rb3 {[%emt 0:00:29]} 57. Nf6+ {[%emt 0:00:18]} Kd8 {[%emt 0:02:30]} 58. Re6 {[%emt 0:03:19]} Rb4 {[%emt 0:00:57]} 59. Nxh7 {[%emt 0:01:32]} Bxh7 {[%emt 0:00:25]} 60. Rxe5 {[%emt 0:00:10]} Kd7 {[%emt 0:00:20]} 61. Rh5 {[%emt 0:00:14]} Bg6 {[%emt 0:00:12]} 62. Rg5 {[%emt 0:00:05]} Bf7 {[%emt 0:00:09]} 63. Rf5 {[%emt 0:00:08]} Ke6 {[%emt 0:00:06]} 64. Ra5 {[%emt 0:00:04]} Rb3 {[%emt 0:00:15]} 65. Ke2 {[%emt 0:00:07]} Kd6 {[%emt 0:00:20]} 66. Kd2 {[%emt 0:00:10]} Bd5 {[%emt 0:00:06]} 67. Ke2 {[%emt 0:00:21]} Ke5 {[%emt 0:00:11]} 68. Kf2 {[%emt 0:00:10]} Rh3 {[%emt 0:01:42]} 69. Rb5 {[%emt 0:00:38]} Ra3 {[%emt 0:00:09]} 70. Rb4 {[%emt 0:00:29]} Be4 {[%emt 0:00:07]} 71. Rb8 {[%emt 0:00:11]} Kf4 {[%emt 0:00:11]} 72. Rf8+ {[%emt 0:00:13]} Bf5 {[%emt 0:00:03]} 73. Re8 {[%emt 0:00:28]} Ra2+ {[%emt 0:00:21]} 74. Re2 {[%emt 0:00:11]} Ra8 {[%emt 0:00:13]} 75. Re7 {[%emt 0:00:41]} Rh8 {[%emt 0:00:32]} 76. Ke2 {[%emt 0:02:17]} Rh2+ {[%emt 0:00:07]} 77. Kd1 {[%emt 0:00:24]} Be4 {[%emt 0:00:20]} 78. Kc1 {[%emt 0:01:19]} Ke3 {[%emt 0:00:16]} 79. Re8 {[%emt 0:01:35]} Rc2+ {[%emt 0:00:19]} 80. Kd1 {[%emt 0:00:02]} Rb2 {[%emt 0:00:20]} 81. Rc8 {[%emt 0:00:19]} Rb1+ {[%emt 0:00:33]} 82. Rc1 {[%emt 0:00:03]} Rb8 {[%emt 0:00:41]} 83. Rc7 {[%emt 0:00:13]} Rh8 {[%emt 0:03:19]} 84. Kc1 {[%emt 0:00:22]} Rh2 {[%emt 0:00:15]} 85. Rc8 {[%emt 0:00:40]} Kd4 {[%emt 0:00:36]} 86. Rd8+ {[%emt 0:00:36]} Bd5 {[%emt 0:00:07]} 87. Kd1 {[%emt 0:00:20]} Kc4 {[%emt 0:01:10]} 88. Ke1 {[%emt 0:00:47]} Ra2 {[%emt 0:01:21]} 89. Kf1 {[%emt 0:03:10]} Kd4 {[%emt 0:00:14]} 90. Rd7 {[%emt 0:00:18]} Ke4 {[%emt 0:00:27]} 91. Rd8 {[%emt 0:01:47]} Kf3 {[%emt 0:00:27]} 92. Ke1 {[%emt 0:00:55]} Be4 {[%emt 0:00:47]} 93. Kd1 {[%emt 0:00:52]} Ke3 {[%emt 0:00:58]} 94. Rc8 {[%emt 0:00:15]} Ra1+ {[%emt 0:01:08]} 95. Rc1 {[%emt 0:00:02]} Ra8 {[%emt 0:00:21]} 96. Rc7 {[%emt 0:00:03]} Rb8 {[%emt 0:00:36]} 97. Rc3+ {[%emt 0:03:25]} Bd3 {[%emt 0:00:43]} 98. Rc7 {[%emt 0:00:08]} Be4 {[%emt 0:02:36]} 99. Rc3+ {[%emt 0:00:06]} Kd4 {[%emt 0:00:22]} 100. Rc7 {[%emt 0:00:15]} Bd3 {[%emt 0:00:35]} 101. Rd7+ {[%emt 0:01:17]} Kc3 {[%emt 0:00:03]} 102. Rc7+ {[%emt 0:00:59]} Bc4 {[%emt 0:00:09]} 103. Kc1 {[%emt 0:00:37]} Ra8 {[%emt 0:01:04]} 104. Rb7 {[%emt 0:00:36]} Ra1+ {[%emt 0:00:31]} 105. Rb1 {[%emt 0:00:02]} Ra2 {[%emt 0:00:20]} 106. Rb8 $1 {[%emt 0:00:15]} Rc2+ {[%emt 0:00:17]} 107. Kd1 $11 {[%emt 0:01:06]} Rf2 {[%emt 0:00:25]} 108. Re8 {[%emt 0:00:08]} Rf1+ {[%emt 0:01:33]} 109. Re1 {[%emt 0:00:04]} Rf8 {[%emt 0:00:14]} 1/2-1/2

[Event "LTU-chT 2019"]
[Site "Lithuania"]
[Date "2019.04.27"]
[Round "6.5"]
[White "Brazdzionis, Andrius"]
[Black "Steponavicius, Stasys"]
[Result "1-0"]
[WhiteElo "2311"]
[BlackElo "2194"]
[Annotator "NA"]
[PlyCount "169"]
[EventDate "2019.01.26"]
[EventType "team-tourn"]
[EventCountry "LTU"]
[SourceTitle "playchess.com"]
[Source "ChessBase"]
[SourceQuality "1"]
[TimeControl "40/5400+30:1800+30"]

1. d4 {[%emt 0:00:00]} Nf6 {[%emt 0:00:00]} 2. c4 {[%emt 0:00:00]} e6 {[%emt 0:00:00]} 3. Nf3 {[%emt 0:00:01]} b6 {[%emt 0:00:12]} 4. a3 {[%emt 0:00:07]} c6 {[%emt 0:02:03]} (4... Bb7 5. Nc3 Ne4 6. Nxe4 Bxe4 7. Nd2 Bb7 8. e4 g6 9. Bd3 Bg7 10. Nf3 O-O 11. O-O d6 12. Rb1 Nd7 13. Bg5 Qc8 14. Re1 Re8 15. Qd2 c5 16. d5 exd5 17. exd5 Qc7 {½-½ (39) Fedoseev,V (2724)-Rapport,R (2731) Wijk aan Zee 2019}) 5. Nc3 {[%emt 0:00:23]} d5 {[%emt 0:00:08]} 6. Qc2 {[%emt 0:04:31] E12: Queen's Indian: Unusual White 4th moves, 4 a3, 4 Nc3 Bb7 5 a3 and 4 Nc3 Bb7} Be7 {[%emt 0:05:31]} 7. e4 {[%emt 0:01:23]} dxe4 {[%emt 0:02:50]} 8. Nxe4 {[%emt 0:00:06]} Nxe4 $146 {[%emt 0:00:18]} ({Predecessor:} 8... Nbd7 9. Bd3 Bb7 10. O-O Nxe4 11. Bxe4 Nf6 12. Bd3 O-O {1-0 (48) Notkin,M (2485)-Kurcubic,A (2270) Tivat 1995}) 9. Qxe4 {[%emt 0:00:02]} Bb7 {[%emt 0:00:14]} 10. Bf4 {[%emt 0:03:01]} Nd7 {[%emt 0:01:41]} 11. Rd1 {[%emt 0:03:24]} Nf6 {[%emt 0:01:39]} 12. Qc2 {[%emt 0:00:18]} Bd6 {[%emt 0:10:02]} 13. Bg3 {[%emt 0:06:35]} O-O {[%emt 0:10:27]} 14. Bd3 {[%emt 0:00:55]} h6 {[%emt 0:00:41]} 15. O-O {[%emt 0:00:31]} Qc7 {[%emt 0:03:45]} 16. c5 {[%emt 0:03:54]} Bxg3 {[%emt 0:03:31]} 17. hxg3 {[%emt 0:00:23]} a5 {[%emt 0:00:29]} 18. Qe2 {[%emt 0:00:07]} a4 {[%emt 0:09:27]} 19. Rc1 {[%emt 0:01:35]} Rfd8 {[%emt 0:05:47]} 20. Rfd1 {[%emt 0:04:27]} Ra5 {[%emt 0:09:09]} 21. Qe5 {[%emt 0:24:06]} Qc8 {[%emt 0:10:09]} 22. Qe1 {[%emt 0:00:19]} Qc7 {[%emt 0:02:30]} 23. cxb6 {[%emt 0:00:22]} Qxb6 {[%emt 0:00:14]} 24. Rc5 {[%emt 0:00:03]} Rd5 {[%emt 0:05:50]} ({Black should try} 24... Rda8 $11) 25. Qb4 {[%emt 0:09:59]} (25. Qxa5 $14 Qxa5 26. Rxa5 Rxa5 27. Ne5) 25... Qxb4 {[%emt 0:02:13]} 26. axb4 {[%emt 0:00:08]} Ra8 {[%emt 0:00:10]} 27. Bc4 {[%emt 0:05:50]} Rdd8 {[%emt 0:07:00]} 28. Ra1 {[%emt 0:04:55]} Nd7 {[%emt 0:02:42]} 29. Ra5 {[%emt 0:00:08]} Nb6 {[%emt 0:00:06]} 30. Bd3 {[%emt 0:08:59]} Kf8 {[%emt 0:03:01]} 31. Bc2 {[%emt 0:06:59]} Nc4 {[%emt 0:02:00]} 32. R5xa4 {[%emt 0:00:04]} Nxb2 {[%emt 0:00:25]} 33. Ra7 {[%emt 0:00:05]} Nc4 {[%emt 0:00:50]} 34. Ne5 {[%emt 0:02:37]} Rxa7 {[%emt 0:00:50]} 35. Rxa7 {[%emt 0:00:11]} Rxd4 {[%emt 0:00:21]} 36. Nxf7 {[%emt 0:04:36]} Kxf7 {[%emt 0:00:53]} 37. Rxb7+ {[%emt 0:00:05]} Kf6 {[%emt 0:00:06]} 38. Rc7 {[%emt 0:02:30]} Ne5 {[%emt 0:00:57]} 39. f4 {[%emt 0:01:27]} Ng4 {[%emt 0:00:24]} 40. Rxc6 {[%emt 0:00:18]} Rxb4 {[%emt 0:00:48]} 41. f5 {[%emt 0:30:52]} Rb2 {[%emt 0:02:05]} 42. Rxe6+ {[%emt 0:00:00]} Kf7 {[%emt 0:01:51]} 43. Bd3 {[%emt 0:00:00]} Rb4 {[%emt 0:12:13]} 44. Kf1 {[%emt 0:00:00]} Nf6 {[%emt 0:03:03]} 45. Kf2 {[%emt 0:00:00]} g6 {[%emt 0:01:00]} 46. Ra6 {[%emt 0:00:00]} Ng4+ {[%emt 0:03:06]} 47. Ke1 {[%emt 0:00:00]} gxf5 {[%emt 0:02:16]} 48. Bxf5 {[%emt 0:00:00]} Ne3 {[%emt 0:01:27]} 49. Be6+ {[%emt 0:00:00]} Kg7 {[%emt 0:00:35]} 50. Kf2 {[%emt 0:00:00]} Ng4+ {[%emt 0:00:53]} 51. Ke2 {[%emt 0:00:00]} Ne5 {[%emt 0:02:04]} 52. Bd5 {[%emt 0:00:00]} Rd4 {[%emt 0:01:15]} 53. Bf3 {[%emt 0:00:00]} Rb4 {[%emt 0:01:17]} 54. Re6 {[%emt 0:00:00]} Nf7 {[%emt 0:01:03]} 55. Ke3 {[%emt 0:00:00]} Rb3+ {[%emt 0:01:05]} 56. Ke2 {[%emt 0:00:00]} Rb5 {[%emt 0:00:39]} 57. Ra6 {[%emt 0:00:00]} Rb2+ {[%emt 0:00:16]} 58. Ke3 {[%emt 0:00:00]} Rb4 {[%emt 0:00:22]} 59. Be4 $11 {[%emt 0:00:00]} Rb5 {[%emt 0:02:07]} 60. g4 {[%emt 0:00:45]} Rc5 {[%emt 0:00:54]} 61. Kd4 {[%emt 0:01:05]} Rg5 {[%emt 0:00:42]} 62. Bf5 {[%emt 0:02:01]} h5 {[%emt 0:00:21]} 63. Ra7 {[%emt 0:00:19]} Kf6 {[%emt 0:00:27]} 64. Ke4 {[%emt 0:00:25]} hxg4 {[%emt 0:00:24]} 65. Ra6+ {[%emt 0:00:04]} Ke7 {[%emt 0:00:26]} 66. Kf4 {[%emt 0:00:13]} Rg8 {[%emt 0:00:26]} 67. Re6+ {[%emt 0:00:34]} Kf8 {[%emt 0:00:19]} 68. Bxg4 {[%emt 0:00:36]} Kg7 {[%emt 0:00:53]} 69. Bh5 {[%emt 0:01:35]} Nd8 {[%emt 0:00:50]} 70. Rd6 {[%emt 0:01:00]} Rf8+ {[%emt 0:00:26]} 71. Kg4 {[%emt 0:01:12]} Kg8 {[%emt 0:00:10]} 72. Kh4 {[%emt 0:00:46]} Kh8 {[%emt 0:00:16]} 73. g3 {[%emt 0:00:51]} Kg7 {[%emt 0:00:14]} 74. g4 {[%emt 0:00:40]} Rh8 {[%emt 0:00:32]} 75. g5 {[%emt 0:02:04]} Rf8 {[%emt 0:00:42]} 76. Rd7+ {[%emt 0:00:11]} Kg8 {[%emt 0:00:10]} 77. Bg4 {[%emt 0:00:52]} Re8 {[%emt 0:00:51]} 78. Kh5 {[%emt 0:00:22]} Nf7 {[%emt 0:00:42]} 79. Bf5 {[%emt 0:00:58]} Re5 {[%emt 0:00:47]} 80. Kg6 {[%emt 0:00:24]} Nh8+ {[%emt 0:00:39]} 81. Kf6 {[%emt 0:00:07]} Re8 {[%emt 0:00:19]} 82. Be6+ {[%emt 0:00:15]} Kf8 {[%emt 0:00:00]} 83. Rh7 {[%emt 0:00:23]} Ng6 {[%emt 0:00:54]} 84. Rf7+ {[%emt 0:00:06]} Kg8 {[%emt 0:00:05]} 85. Re7+ {[%emt 0:00:10]} 1-0

[Event "LTU-chT 2019"]
[Site "Lithuania"]
[Date "2019.04.27"]
[Round "6.6"]
[White "Kazakovskiy, Valeriy"]
[Black "Nielsen, Peter Heine"]
[Result "1-0"]
[WhiteElo "2456"]
[BlackElo "2624"]
[Annotator "TA"]
[PlyCount "65"]
[EventDate "2019.01.26"]
[EventType "team-tourn"]
[EventCountry "LTU"]
[SourceTitle "playchess.com"]
[Source "ChessBase"]
[SourceQuality "1"]

{[%evp 15,65,19,16,4,8,8,22,13,16,20,21,11,12,16,20,8,8,18,14,18,29,31,24,33,27,14,52,46,87,87,87,95,130,139,172,164,168,150,156,172,174,77,293,292,287,283,356,368,352,354,371,365]} 1. d4 Nf6 2. Nf3 g6 3. c4 Bg7 4. g3 d5 5. cxd5 Nxd5 6. Bg2 Nb6 7. Nc3 Nc6 8. e3 e5 {[%cal Re5d4]} 9. d5 {D71: Fianchetto Grünfeld: 3 g3 d5 sidelines and 5 cxd5 (without Nf3)} Ne7 {[%cal Re7d5]} 10. e4 c6 {[%cal Rc6d5]} (10... Bg4 11. h3 Bxf3 12. Qxf3 O-O 13. O-O c6 14. Rd1 cxd5 {½-½ (14) Laznicka,V (2672)-Li,C (2722) Chartres 2017}) 11. a4 {[%cal Ba2a4,Ba4a5][%mdl 32] The position is equal.} cxd5 12. a5 Nc4 13. Nxd5 Nxd5 14. Qa4+ Bd7 15. Qxc4 {[#]} Ne7 $146 ({Predecessor:} 15... Nc7) 16. O-O O-O 17. Be3 Qc8 18. Qxc8 Rfxc8 19. Rfd1 Be8 20. Bh3 Rc7 21. b4 Bb5 {[#]} 22. Bf1 $1 $36 {[%cal Rf1b5][%mdl 2048] White is really pushing.} Bxf1 23. Kxf1 f5 24. Ng5 Bf6 25. Ne6 Rc6 26. Rd8+ Rxd8 27. Nxd8 Rc4 28. b5 Rb4 $2 (28... b6 $16 {was worth a try.}) 29. Nxb7 $18 {[#] Strongly threatening Nd6.} Rxb5 30. Nd6 Rb3 31. Bxa7 {White is winning.} Nc6 32. Bb6 ({Worse is} 32. exf5 Nxa7 33. Ne4 Be7 $15) 32... Be7 33. Nc8 {Accuracy: White = 94%, Black = 46%.} 1-0

[Event "LTU-chT 2019"]
[Site "Lithuania"]
[Date "2019.04.27"]
[Round "6.7"]
[White "Klabis, Rokas"]
[Black "Shkapenko, Pavel"]
[Result "1/2-1/2"]
[WhiteElo "2320"]
[BlackElo "2432"]
[Annotator "ChessBase"]
[PlyCount "81"]
[EventDate "2019.01.26"]
[EventType "team-tourn"]
[EventCountry "LTU"]
[SourceTitle "playchess.com"]
[Source "ChessBase"]
[SourceQuality "1"]
[TimeControl "40/5400+30:1800+30"]

1. e4 {[%emt 0:00:00]} c5 {[%emt 0:00:00]} 2. Nf3 {[%emt 0:00:11]} e6 {[%emt 0:00:00]} 3. g3 {[%emt 0:00:34]} d5 {[%emt 0:00:54]} 4. exd5 {[%emt 0:00:21]} exd5 {[%emt 0:00:30]} 5. d4 {[%emt 0:01:05]} Nc6 {[%emt 0:09:50]} 6. Bg2 {[%emt 0:01:14]} Bg4 {[%emt 0:00:10]} 7. O-O {[%emt 0:08:09]} cxd4 {[%emt 0:06:30]} 8. Nbd2 {[%emt 0:04:46]} Nf6 {[%emt 0:04:40]} 9. Nb3 {[%emt 0:07:26]} Be7 {[%emt 0:00:09]} 10. Nbxd4 {[%emt 0:00:23]} O-O {[%emt 0:00:07]} 11. h3 {[%emt 0:00:34]} Bh5 {[%emt 0:01:00]} 12. c3 {[%emt 0:01:48]} Nxd4 {[%emt 0:07:59]} 13. Qxd4 {[%emt 0:07:37]} Bg6 {[%emt 0:08:26]} 14. Nh4 {[%emt 0:11:25]} Be4 {[%emt 0:00:13]} 15. Bg5 {[%emt 0:09:54]} h6 {[%emt 0:01:29]} 16. Be3 {[%emt 0:00:07]} Qd7 {[%emt 0:14:20]} 17. Rad1 {[%emt 0:05:36]} Bxg2 {[%emt 0:00:12]} 18. Kxg2 {[%emt 0:00:22]} Rfd8 {[%emt 0:08:18]} 19. Qe5 {[%emt 0:08:54]} Ne4 {[%emt 0:09:24]} 20. Nf5 {[%emt 0:05:52]} Bf6 {[%emt 0:01:04]} 21. Qf4 {[%emt 0:00:03]} Qe6 {[%emt 0:11:17]} 22. Bd4 {[%emt 0:03:39]} Bxd4 {[%emt 0:00:40]} 23. Rxd4 {[%emt 0:01:51]} Nf6 {[%emt 0:05:37]} 24. Rfd1 {[%emt 0:01:47]} Rd7 {[%emt 0:00:10]} 25. Qf3 {[%emt 0:06:17]} Rad8 {[%emt 0:00:41]} 26. Rf4 {[%emt 0:00:19]} Kh7 {[%emt 0:02:54]} 27. g4 {[%emt 0:04:13]} Ne4 {[%emt 0:00:55]} 28. Qd3 {[%emt 0:03:05]} g6 {[%emt 0:00:57]} 29. Nd4 {[%emt 0:00:04]} Qb6 {[%emt 0:00:29]} 30. Qe2 {[%emt 0:00:43]} Re8 {[%emt 0:00:59]} 31. Rd3 {[%emt 0:02:39]} Ree7 {[%emt 0:00:23]} 32. Re3 {[%emt 0:02:10]} Qc7 {[%emt 0:00:01]} 33. Rff3 {[%emt 0:00:05]} a6 {[%emt 0:00:54]} 34. Qd3 {[%emt 0:00:25]} Kg7 {[%emt 0:01:39]} 35. Re2 {[%emt 0:00:53]} Nc5 {[%emt 0:00:35]} 36. Qd2 {[%emt 0:00:29]} Re4 {[%emt 0:01:10]} 37. Rfe3 {[%emt 0:00:44]} Rde7 {[%emt 0:01:09]} 38. Nb3 {[%emt 0:01:26]} Rxe3 {[%emt 0:01:14]} 39. Rxe3 {[%emt 0:00:10]} Rxe3 {[%emt 0:00:18]} 40. Qxe3 {[%emt 0:00:16]} Ne6 {[%emt 0:00:14]} 41. Nd4 {[%emt 0:31:07]} 1/2-1/2